LA COMUNIDAD CRISTIANA /
Gardado en:
| Autor Principal: | |
|---|---|
| Formato: | Libro |
| Series: | BIBLIOTECA DE TEOLOGIA;
20 |
| Temas: | |
| Etiquetas: |
Sen Etiquetas, Sexa o primeiro en etiquetar este rexistro!
|
MARC
| LEADER | 00000nam^a2200000^a^4500 | ||
|---|---|---|---|
| 001 | 000227858 | ||
| 005 | 20250521000000.0 | ||
| 009 | 20260310104301.695 | ||
| 020 | |a 84-285-1493-3 | ||
| 035 | |a 048046 | ||
| 037 | |a Acervo Xavier Clavigero | ||
| 082 | |a 262. 7 |b MAL | ||
| 100 | |a Maldonado, Luis |e (autor) | ||
| 245 | 1 | 3 | |a LA COMUNIDAD CRISTIANA / |c LUIS MALDONADO |
| 264 | |a MADRID : |b Ediciones Paulinas, |c 1992: | ||
| 300 | |a 164p. | ||
| 336 | |a texto |b txt |2 rdacontenido | ||
| 337 | |a sin mediación |b n |2 rdamedio | ||
| 338 | |a volumen |b nc |2 rdasoporte | ||
| 440 | |a BIBLIOTECA DE TEOLOGIA; |v 20 | ||
| 649 | |a XX | ||
| 650 | |a Eclesiología | ||
| 650 | |a Iglesia Católica | ||
| 650 | |a Teología Pastoral | ||
| 910 | |a Fondo General | ||
| 920 | |a Impresos - Libros | ||
| 930 | |a Colección General | ||
| 905 | |a 101 | ||
| 901 | |a 048046 |b IT1 |c ACC |i 048046 |u 20250521 | ||
| 902 | |a https://opac.biblio.iteso.mx/vufind/Record/000227858 | ||